00510nam a22001337a 4500003000500000038001800005082000800023100002100031245018500052264003300237650001800270700003100288856005700319NUST aNusrat Nadeem a200 aAlishba Jawwad,  aUnderstanding HIV/AIDS Knowledge and Discriminatory Attitudes in Pakistan: The Role of Socioeconomic Factors, Multidimensional Poverty, and Awareness Intervention/cJawwad, Alishba aIslamabad:bS3H NUST.c2025. aMS-Economics  aSupervisor: Dr. Wajiha Haq uhttp://10.250.8.41:8080/xmlui/handle/123456789/57428